[Event "BCF-ch Atkins op"]
[Site "Hull"]
[Date "2024.07.27"]
[Round "3"]
[White "Campbell, Duncan AF"]
[Black "Pradhan, Abhishek"]
[Result "1-0"]
[WhiteElo "1917"]
[BlackElo "1811"]
[PlyCount "117"]
[EventDate "2024.07.26"]
[EventType "swiss"]
[EventRounds "5"]
[EventCountry "ENG"]
[SourceTitle "CBM 221 Extra"]
[Source "ChessBase"]
[SourceDate "2024.09.30"]
[SourceVersion "1"]
[SourceVersionDate "2024.09.30"]
[SourceQuality "1"]

1. e4 e6 2. d4 d5 3. Nd2 c5 4. exd5 Qxd5 5. Ngf3 cxd4 6. Nb3 Nc6 7. Bd3 Nf6 8. 0-0 Bd7 9. Re1 Be7 10. Bf4 Bd6 11. Bxd6 Qxd6 12. Bb5 0-0 13. Nbxd4 Qc7 14. c3 Rfd8 15. Qb3 Nxd4 16. Nxd4 Bxb5 17. Nxb5 Qf4 18. Qb4 Qxb4 19. cxb4 Rd2 20. Rab1 Nd5 21. a3 Nf4 22. Nc3 Rad8 23. Kf1 g6 24. Red1 f5 25. g3 Rxd1+ 26. Rxd1 Rxd1+ 27. Nxd1 Nd5 28. Ke2 Kf7 29. Kd3 e5 30. Kc4 Ke6 31. Nc3 Nxc3 32. bxc3 g5 33. a4 f4 34. Kd3 Kf5 35. c4 fxg3 36. fxg3 h5 37. c5 e4+ 38. Kd4 e3 39. Kxe3 Ke5 40. h3 Kd5 41. Kd3 a6 42. g4 h4 43. Kc3 a5 44. bxa5 Kxc5 45. Kb3 Kd5 46. Kb4 Kc6 47. Kc4 Kc7 48. Kc5 Kb8 49. a6 bxa6 50. Kb6 Kc8 51. Kxa6 Kc7 52. Kb5 Kd6 53. a5 Ke5 54. a6 Kf4 55. a7 Kg3 56. a8Q Kxh3 57. Qf3+ Kh2 58. Kc5 Kg1 59. Qh3 1-0

[Event "Dundee & Angus op"]
[Site "Dundee"]
[Date "2013.10.12"]
[Round "3"]
[White "Campbell, Duncan AF"]
[Black "Neave, George"]
[Result "0-1"]
[WhiteElo "1992"]
[BlackElo "2024"]
[PlyCount "54"]
[EventDate "2013.10.11"]
[EventType "swiss"]
[EventRounds "5"]
[EventCountry "SCO"]
[SourceTitle "EXT 2017"]
[Source "ChessBase"]
[SourceDate "2016.10.25"]
[SourceVersion "1"]
[SourceVersionDate "2016.10.25"]
[SourceQuality "1"]

1. e4 e5 2. f4 exf4 3. Nf3 g5 4. h4 g4 5. Ne5 Nf6 6. d4 d6 7. Nd3 Nxe4 8. Bxf4 Bg7 9. c3 0-0 10. Be2 Re8 11. g3 c5 12. dxc5 dxc5 13. 0-0 Nc6 14. Nd2 Nxd2 15. Bxd2 c4 16. Nf2 Ne5 17. Bf4 Qb6 18. b3 h5 19. Kh2 Bf5 20. Bxe5 Bxe5 21. Bxc4 Qe3 22. Nh1 Rad8 23. Rxf5 Rxd1 24. Rxd1 Re7 25. Rxh5 Bxg3+ 26. Nxg3 Qf2+ 27. Kh1 Qf3+ 0-1

[Event "Dundee & Angus op"]
[Site "Dundee"]
[Date "2012.??.??"]
[Round "4"]
[White "Berry, Neil"]
[Black "Campbell, Duncan AF"]
[Result "1-0"]
[WhiteElo "2216"]
[BlackElo "1898"]
[PlyCount "59"]
[EventDate "2012.10.13"]
[EventType "swiss"]
[EventRounds "5"]
[EventCountry "SCO"]
[SourceTitle "EXT 2017"]
[Source "ChessBase"]
[SourceDate "2016.10.25"]
[SourceVersion "1"]
[SourceVersionDate "2016.10.25"]
[SourceQuality "1"]

1. c4 f5 2. g3 Nf6 3. Bg2 e6 4. Nf3 d5 5. 0-0 Bd6 6. Nc3 c6 7. d3 0-0 8. e4 Nbd7 9. cxd5 cxd5 10. exf5 exf5 11. Nd4 Nb6 12. a4 a5 13. Qb3 Bc7 14. Bg5 Kh8 15. Rac1 Bb8 16. Rfe1 Ra6 17. Rc2 h6 18. Bc1 Bd7 19. Rce2 Re8 20. Rxe8+ Bxe8 21. Ne6 Qc8 22. Bf4 Bxf4 23. Nxf4 Bf7 24. Re7 Bg8 25. Qd1 Ra7 26. Qe1 Qc5 27. h3 Kh7 28. Qe5 Nbd7 29. Qxf5+ Kh8 30. Ng6+ 1-0

[Event "Dundee & Angus op"]
[Site "Dundee"]
[Date "2012.??.??"]
[Round "3"]
[White "Campbell, Duncan AF"]
[Black "Donohue, Tom"]
[Result "1-0"]
[WhiteElo "1898"]
[BlackElo "2012"]
[PlyCount "61"]
[EventDate "2012.10.13"]
[EventType "swiss"]
[EventRounds "5"]
[EventCountry "SCO"]
[SourceTitle "EXT 2017"]
[Source "ChessBase"]
[SourceDate "2016.10.25"]
[SourceVersion "1"]
[SourceVersionDate "2016.10.25"]
[SourceQuality "1"]

1. e4 c5 2. Nc3 e6 3. g3 d5 4. exd5 exd5 5. d4 cxd4 6. Qxd4 Nf6 7. Bg2 Nc6 8. Qa4 Bc5 9. Bg5 0-0 10. 0-0-0 d4 11. Bxc6 bxc6 12. Qxc6 Bg4 13. Qxc5 Bxd1 14. Nxd1 Qd7 15. Bxf6 gxf6 16. Nf3 Rfd8 17. Qc4 Rac8 18. Qd3 Qd5 19. Kb1 Rc6 20. Re1 Re6 21. b3 a5 22. a4 Qd6 23. Nb2 Qe7 24. Rd1 Re4 25. Nc4 Re2 26. Nxa5 Rxf2 27. Nc6 Qd7 28. Nxd8 Qxd8 29. Rf1 Rg2 30. Qxd4 Qc8 31. Rf2 1-0

[Event "Dundee & Angus op"]
[Site "Dundee"]
[Date "2012.??.??"]
[Round "1"]
[White "Campbell, Duncan AF"]
[Black "Findlay, David John"]
[Result "1-0"]
[WhiteElo "1898"]
[BlackElo "2175"]
[PlyCount "43"]
[EventDate "2012.10.13"]
[EventType "swiss"]
[EventRounds "5"]
[EventCountry "SCO"]
[SourceTitle "EXT 2017"]
[Source "ChessBase"]
[SourceDate "2016.10.25"]
[SourceVersion "1"]
[SourceVersionDate "2016.10.25"]
[SourceQuality "1"]

1. e4 e5 2. f4 exf4 3. Nf3 Nc6 4. Bc4 Nf6 5. Nc3 Bb4 6. e5 Ng4 7. 0-0 0-0 8. d4 d6 9. Bxf4 dxe5 10. dxe5 Bc5+ 11. Kh1 Nf2+ 12. Rxf2 Bxf2 13. Qf1 Bb6 14. Ng5 Qe8 15. Qd3 g6 16. Rf1 Be6 17. Nce4 Qd8 18. Nf6+ Kg7 19. Nxe6+ fxe6 20. Qh3 Rxf6 21. Bh6+ Kh8 22. exf6 1-0

[Event "Dundee & Angus op"]
[Site "Dundee"]
[Date "2011.10.16"]
[Round "5"]
[White "Campbell, Duncan AF"]
[Black "Newton, Andrew"]
[Result "1/2-1/2"]
[WhiteElo "1886"]
[BlackElo "1724"]
[PlyCount "98"]
[EventDate "2011.10.14"]
[EventType "swiss"]
[EventRounds "5"]
[EventCountry "SCO"]
[SourceTitle "EXT 2017"]
[Source "ChessBase"]
[SourceDate "2016.10.25"]
[SourceVersion "1"]
[SourceVersionDate "2016.10.25"]
[SourceQuality "1"]

1. e4 c5 2. Nc3 g6 3. g3 Bg7 4. Bg2 Nc6 5. d3 d6 6. Be3 Rb8 7. Qd2 b5 8. Nge2 Nd4 9. 0-0 b4 10. Nd1 e5 11. c3 Nxe2+ 12. Qxe2 a5 13. f4 Ne7 14. fxe5 Bxe5 15. Bh6 Qb6 16. Rc1 Be6 17. Ne3 Bxa2 18. c4 Rb7 19. Kh1 Bb3 20. Ng4 Nc6 21. Nf6+ Bxf6 22. Rxf6 Ne5 23. Bf4 Qd8 24. Bxe5 dxe5 25. Rc6 Rc7 26. Ra6 a4 27. Qf2 0-0 28. Bf1 f5 29. exf5 Rxf5 30. Qe3 Qg5 31. Qxg5 Rxg5 32. Bg2 Rf5 33. Kg1 Kg7 34. Re1 Rcf7 35. Rf1 Rxf1+ 36. Bxf1 Bc2 37. Be2 Rf6 38. Ra5 Rc6 39. Bf3 Rc7 40. Be4 Rd7 41. Bd5 Bxd3 42. Rxa4 e4 43. Kf2 Kf6 44. Ra5 Rc7 45. Ke3 Ke5 46. Ra6 Rc8 47. g4 Re8 48. Rc6 Re7 49. Rxc5 Kd6 1/2-1/2

[Event "Dundee & Angus op"]
[Site "Dundee"]
[Date "2011.10.16"]
[Round "4"]
[White "Findlay, David John"]
[Black "Campbell, Duncan AF"]
[Result "1-0"]
[WhiteElo "2167"]
[BlackElo "1886"]
[PlyCount "67"]
[EventDate "2011.10.14"]
[EventType "swiss"]
[EventRounds "5"]
[EventCountry "SCO"]
[SourceTitle "EXT 2017"]
[Source "ChessBase"]
[SourceDate "2016.10.25"]
[SourceVersion "1"]
[SourceVersionDate "2016.10.25"]
[SourceQuality "1"]

1. e4 e6 2. d4 d5 3. e5 c5 4. Nf3 Nc6 5. Bd3 cxd4 6. 0-0 Nge7 7. Bf4 Ng6 8. Bg3 Qb6 9. Nbd2 Qxb2 10. Nb3 Qc3 11. Nbxd4 a6 12. Re1 Nxd4 13. Nxd4 Bc5 14. Nf3 Bd7 15. Ng5 Bb5 16. Qf3 0-0 17. Nxh7 Rfc8 18. Ng5 Bxd3 19. Qxf7+ Kh8 20. cxd3 Qxd3 21. Nxe6 Bf8 22. Nc7 Bb4 23. Red1 Rxc7 24. Qxc7 Qe4 25. Qxb7 Rd8 26. Qc7 Re8 27. Qd7 Re7 28. Qxd5 Qxd5 29. Rxd5 Bc3 30. Rb1 Nxe5 31. Bxe5 Bxe5 32. g3 Bc3 33. Rb3 Be1 34. Re3 1-0

[Event "Dundee & Angus op"]
[Site "Dundee"]
[Date "2011.10.15"]
[Round "2"]
[White "Sanderson, Mark"]
[Black "Campbell, Duncan AF"]
[Result "0-1"]
[WhiteElo "1709"]
[BlackElo "1886"]
[PlyCount "88"]
[EventDate "2011.10.14"]
[EventType "swiss"]
[EventRounds "5"]
[EventCountry "SCO"]
[SourceTitle "EXT 2017"]
[Source "ChessBase"]
[SourceDate "2016.10.25"]
[SourceVersion "1"]
[SourceVersionDate "2016.10.25"]
[SourceQuality "1"]

1. e4 e6 2. d4 d5 3. Nc3 Bb4 4. Nge2 dxe4 5. a3 Be7 6. Nxe4 Nf6 7. N2c3 0-0 8. Be3 b6 9. Bc4 Bb7 10. f3 Nd5 11. Bxd5 exd5 12. Nf2 Re8 13. 0-0 Bd6 14. Qd2 Nc6 15. Nh3 Be7 16. Rfe1 Bh4 17. Bf2 Rxe1+ 18. Rxe1 Bxf2+ 19. Nxf2 Qd7 20. Ng4 Re8 21. Re2 f6 22. Kf1 Ba6 23. Kf2 Bxe2 24. Nxe2 Nd8 25. Ng3 c5 26. Ne3 cxd4 27. Qxd4 Nc6 28. Qd3 Qe6 29. Ne2 d4 30. Nxd4 Nxd4 31. Qxd4 g6 32. Qd2 Kg7 33. Qc3 Re7 34. Qd2 Qe5 35. c3 Qxh2 36. Qd8 Qc7 37. Qd2 Qf4 38. Qd3 Qe5 39. Qd2 h5 40. Qd3 h4 41. Qd2 Qg3+ 42. Kf1 h3 43. Ng4 hxg2+ 44. Qxg2 Re1# 0-1

[Event "Dundee & Angus op"]
[Site "Dundee"]
[Date "2007.??.??"]
[Round "5"]
[White "Robertson, Ian C"]
[Black "Campbell, Duncan AF"]
[Result "0-1"]
[WhiteElo "2061"]
[BlackElo "1846"]
[PlyCount "78"]
[EventDate "2007.10.19"]
[EventType "swiss"]
[EventRounds "5"]
[EventCountry "SCO"]
[SourceTitle "EXT 2017"]
[Source "ChessBase"]
[SourceDate "2016.10.25"]
[SourceVersion "1"]
[SourceVersionDate "2016.10.25"]
[SourceQuality "1"]

1. d4 e6 2. Bf4 f5 3. d5 d6 4. dxe6 Bxe6 5. Nf3 Nc6 6. e3 Nf6 7. Bb5 a6 8. Ba4 b5 9. Bb3 Bxb3 10. axb3 Be7 11. Nc3 0-0 12. 0-0 Qd7 13. Nd5 Kh8 14. Nxe7 Qxe7 15. Bg5 Qe6 16. Bxf6 Qxf6 17. c3 Qe6 18. Qc2 h6 19. Rfd1 Qe4 20. Qxe4 fxe4 21. Nd4 Ne5 22. Ne6 Rf7 23. Rd4 Nc6 24. Rd2 g5 25. h4 Re7 26. Nd4 Ne5 27. hxg5 hxg5 28. Nxb5 g4 29. Nd4 Rg7 30. Nf5 Rd7 31. Ng3 d5 32. Ra5 c6 33. Rd4 Rf7 34. Rd2 Rb8 35. Nxe4 Rxb3 36. Nc5 Rb8 37. Rxa6 Nf3+ 38. gxf3 gxf3 39. Rd1 Rh7 0-1

[Event "West of Scotland-ch"]
[Site "Clarkston"]
[Date "2004.05.30"]
[Round "5"]
[White "McKay, Roderick M"]
[Black "Campbell, Duncan AF"]
[Result "1-0"]
[WhiteElo "2346"]
[BlackElo "1738"]
[PlyCount "69"]
[EventDate "2004.05.28"]
[EventType "swiss"]
[EventRounds "5"]
[EventCountry "SCO"]
[SourceTitle "EXT 2006"]
[Source "ChessBase"]
[SourceDate "2005.11.24"]
[SourceVersion "1"]
[SourceVersionDate "2005.11.24"]
[SourceQuality "1"]

1. e4 e6 2. Qe2 b6 3. Nf3 Be7 4. d3 Nc6 5. g3 Bb7 6. Bg2 d6 7. 0-0 e5 8. Nbd2 g5 9. Nc4 g4 10. Ne1 h5 11. c3 Nf6 12. b4 b5 13. Ne3 a6 14. f3 Qd7 15. fxg4 hxg4 16. Nd5 Nh7 17. Nc2 0-0-0 18. Rxf7 Rdf8 19. Qf2 Qe6 20. Rf5 Kb8 21. Nce3 Qg6 22. Rxf8+ Rxf8 23. Nf5 Bg5 24. Qe2 Bd8 25. a4 Na7 26. c4 c6 27. Nc3 Bc8 28. axb5 cxb5 29. cxb5 Nxb5 30. Nxb5 axb5 31. Qa2 Bb6+ 32. Be3 Bxe3+ 33. Nxe3 Bb7 34. Qa7+ Kc8 35. Rc1+ 1-0